000 00711cab a2200241 4500
001 X1355
008 090401t1994 xxu||||| |||| 00| 0 eng d
035 _a(Sirsi) u16425
041 _aeng
245 _aHA assets get new valuation basis
260 _c1994
350 _a0
490 _aCSM (Chartered Surveyor Monthly)
_v3(6) March 1994, 47(1)
650 _aFINANCIAL STATEMENTS
650 _aHOUSING ASSOCIATIONS
650 _aNATIONAL FEDERATYION OF HOUSING ASSOCIATIONS
650 _aRICS APPRAISAL AND VALUATION MANUAL
650 _aSORP
650 _aSTATEMENT OF RECOMMENDED PRACTICE
690 _aMANAGEMENT-BUSINESS MANAGEMENT-PROFESSIONAL PRACTICE
942 _n0
948 _c04/03/1997
999 _c10809
_d10809